| 000 | 00423cam a2200169ua 4500 | ||
|---|---|---|---|
| 020 | _a0-521-64831-9 | ||
| 041 |
_aeng _h |
||
| 082 |
_a620.004 2 _bGAR/DE |
||
| 100 | _aGaratt, James . | ||
| 245 |
_aDesign and technology / _cJames Garatt. _hTextual Documents |
||
| 250 |
_a2 / _b. |
||
| 260 |
_aCambridge : _bCambridge University Press , _c1996. |
||
| 300 | _a320 ; . | ||
| 504 | _a | ||
| 942 | _cBK | ||
| 999 |
_c549 _d549 |
||